Eliminate Countries #4 - Statistics

General Stats
  • This quiz has been taken 3,864 times
  • The average score is 23 of 27
Answer Stats
Pct? Eliminate... Country/Countries % Correct
91 Where Stonehenge is located United Kingdom
100%
89 Where the city Marseille is located France
99%
89 Country on the Yucatán Peninsula Mexico
95%
86 Where the city São Paulo is located Brazil
87%
85 Countries that border Sudan Egypt | Ethiopia
87%
86 Where the city Kyoto is located Japan
87%
88 Country where the 2018 Winter Olympics were held South Korea
87%
86 European country whose territories share a border with Morocco Spain
87%
87 Country that owns the island of Guam United States
87%
84 Countries that border Bhutan China | India
86%
85 Country where Neuschwanstein Castle is located Germany
86%
82 Country that shares an island with East Timor Indonesia
86%
84 Country that surrounds San Marino Italy
86%
82 Country formerly known as Burma Myanmar
86%
81 Country that borders only India and Myanmar Bangladesh
85%
81 Country that borders both the Black Sea and Mediterranean Sea Turkey
84%
80 Where the city Karachi is located Pakistan
83%
80 Country that borders Ecuador Colombia
81%
80 Country where St. Basil’s Cathedral is located Russia
81%
79 Country with the capital Abuja Nigeria
80%
79 Countries that border Lake Victoria Tanzania | Kenya
80%
79 Island country located south of Taiwan Philippines
79%
78 Country that borders Cambodia, Laos, and China Vietnam
79%
78 Country with the capital Kinshasa Democratic Republic of the Congo
78%
76 Country that lies directly south of the Caspian Sea Iran
77%
67 The remaining country in Africa South Africa
71%
What is the final country? Thailand
46%
No matching quizzes found
Score Distribution
Percent of People with Each Score
Percentile by Number Answered
Your Score History
You have not taken this quiz